| 000 | 00834nam a2200241Ia 4500 | ||
|---|---|---|---|
| 003 | OSt | ||
| 005 | 20250224141929.0 | ||
| 008 | 210716s2007 xx 000 0 und d | ||
| 020 | _a978074944278 | ||
| 040 | _cAIMIT LIBRARY | ||
| 041 | _aeng | ||
| 082 |
_a658.406 _21 _bMILR |
||
| 100 |
_aMiller, Robert B. _9202218 |
||
| 245 |
_aNew conceptual selling: _bone to one selling system that builds a win win buyer seller relationship / _cBy Robert B Miller; Stephen E Heiman and Tad Tuleja. |
||
| 250 | _a2nd ed. | ||
| 260 |
_aNew Delhi : _bKogan Page ; _c2007. |
||
| 300 |
_ax,258p. ; _bPB _c23 cm. |
||
| 650 |
_aPre call planning and rehearsal _9202219 |
||
| 650 |
_aEstablishing superb communication _9202220 |
||
| 700 |
_aHeiman, Stephen E. _9202221 |
||
| 700 |
_aTuleja, Tad. _9202222 |
||
| 942 |
_2ddc _cBK _e1st ed. _k658.406 MILR |
||
| 999 |
_c202110 _d202110 |
||